00712 2200277 4500001002100000005001500021035002000036007000300056008004100059020002200100082000800122084001500130100001900145245009000164260002800254300002900282650000800311700001800319520002600337990001200363990001200375990001200387990001200399990001100411990001200422INLIS00000000000200420180525094954 a0010-0518000074ta180525 g 0 ind  a978-602-03-0739-8 a173 a173 NAQ l0 aNAQIYYAH, Syam1 aLa Taias for Ummahat: Kekuatan Itu Bernama Ibu /cNaqiyyah Syam; editor, Gita Savitri aJakarta :bKalil,c2014 aviii, 146 hlm. ;c20 cm. aIBU0 aGITA, Savitri aBibliografi: hlm. 146 a16726 a a16726 b a16726 b a16726 a a16726a a16726 b